[Event "AUT-ch Seniors 50"]
[Site "Deutschlandsberg"]
[Date "2019.05.03"]
[Round "6.2"]
[White "Allacher, Erwin"]
[Black "Steiner, Bruno"]
[Result "1/2-1/2"]
[WhiteElo "2041"]
[BlackElo "2188"]
[PlyCount "86"]
[EventDate "2019.04.28"]
[EventType "swiss"]
[EventRounds "7"]
[EventCountry "AUT"]
[SourceTitle "EXT 2024"]
[Source "ChessBase"]
[SourceDate "2023.10.10"]
[SourceVersion "1"]
[SourceVersionDate "2023.10.10"]
[SourceQuality "1"]

1. d4 d5 2. Nf3 e6 3. Bf4 Bd6 4. Bg3 Nf6 5. Nbd2 0-0 6. e3 c5 7. c3 Qc7 8. Qc2 Nbd7 9. Bd3 c4 10. Bxd6 Qxd6 11. Be2 b5 12. a3 Bb7 13. 0-0 Ne4 14. Nxe4 dxe4 15. Nd2 f5 16. f3 Nf6 17. fxe4 Nxe4 18. Bf3 Nxd2 19. Qxd2 Bd5 20. Qc2 g6 21. e4 fxe4 22. Bxe4 Rxf1+ 23. Rxf1 Rf8 24. Rxf8+ Kxf8 25. Bxd5 Qxd5 26. h3 Kg7 27. Qe2 h5 28. h4 Kf6 29. Qe3 Qf5 30. Qh6 Ke7 31. Qg7+ Ke8 32. Qxa7 Qb1+ 33. Kh2 Qxb2 34. Qb8+ Kd7 35. Qb7+ Kd6 36. Qb6+ Kd5 37. Qb7+ Kd6 38. Qb6+ Kd7 39. Qb7+ Ke8 40. Qb8+ Ke7 41. Qc7+ Ke8 42. Qb8+ Kf7 43. Qc7+ Ke8 1/2-1/2

[Event "AUT-ch Seniors 50"]
[Site "Deutschlandsberg"]
[Date "2019.04.30"]
[Round "3.1"]
[White "Zoedl, Heinrich"]
[Black "Allacher, Erwin"]
[Result "1/2-1/2"]
[WhiteElo "1947"]
[BlackElo "2041"]
[PlyCount "94"]
[EventDate "2019.04.28"]
[EventType "swiss"]
[EventRounds "7"]
[EventCountry "AUT"]
[SourceTitle "EXT 2024"]
[Source "ChessBase"]
[SourceDate "2023.10.10"]
[SourceVersion "1"]
[SourceVersionDate "2023.10.10"]
[SourceQuality "1"]

1. f4 c5 2. Nf3 Nc6 3. e3 g6 4. Be2 Bg7 5. Nc3 d6 6. b3 e6 7. Bb2 Nge7 8. 0-0 b6 9. Qc1 0-0 10. Ne4 f6 11. g4 d5 12. Ng3 e5 13. Nh4 f5 14. gxf5 Nxf5 15. Nhxf5 Bxf5 16. Nxf5 gxf5 17. Rf3 Kh8 18. Qf1 exf4 19. Bxg7+ Kxg7 20. Rxf4 Qg5+ 21. Kh1 Ne5 22. Qh3 Ng6 23. Rg1 Qe7 24. Bd3 Rf6 25. Qf3 Qf7 26. Bxf5 Rd8 27. Bxg6 hxg6 28. Rxf6 Qxf6 29. Qxf6+ Kxf6 30. Rf1+ Ke5 31. Kg2 d4 32. Rf3 a5 33. Kg3 b5 34. h4 b4 35. d3 a4 36. e4 axb3 37. axb3 Ra8 38. Rf1 Ra2 39. Rc1 c4 40. bxc4 b3 41. cxb3 Rd2 42. c5 Rxd3+ 43. Kf2 Rxb3 44. c6 Rb2+ 45. Ke1 Rb8 46. c7 Rc8 47. Kd2 Kxe4 1/2-1/2

[Event "AUT-chT2O 0405"]
[Site "Austria"]
[Date "2005.02.27"]
[Round "9.5"]
[White "Allacher, Erwin"]
[Black "Krpelan, Wolfgang"]
[Result "0-1"]
[WhiteElo "2147"]
[BlackElo "2246"]
[PlyCount "74"]
[EventDate "2004.10.09"]
[EventType "team-tourn"]
[EventRounds "11"]
[EventCountry "AUT"]
[SourceTitle "EXT 2005"]
[Source "ChessBase"]
[SourceDate "2004.11.15"]
[SourceVersion "1"]
[SourceVersionDate "2004.11.15"]
[SourceQuality "1"]
[WhiteTeam "Gols Raiba"]
[BlackTeam "Lackenbach"]
[WhiteTeamCountry "AUT"]
[BlackTeamCountry "AUT"]

1. d4 d5 2. c4 c6 3. Nf3 Nf6 4. e3 Bf5 5. Qb3 Qb6 6. Nbd2 e6 7. a3 Nbd7 8. Be2 Qc7 9. Nh4 Bg6 10. Nxg6 hxg6 11. Nf3 Ne4 12. Bd2 g5 13. Bc3 0-0-0 14. cxd5 exd5 15. Qa4 g4 16. Nd2 Nxc3 17. bxc3 Kb8 18. Bxg4 Rxh2 19. Rxh2 Qxh2 20. Bf3 Nb6 21. Qd1 Re8 22. Ke2 Bd6 23. a4 Qh6 24. a5 Nc8 25. Qb3 f5 26. a6 b6 27. c4 f4 28. cxd5 fxe3 29. fxe3 Bf4 30. Nf1 Nd6 31. dxc6 Kc7 32. Ra5 bxa5 33. Qc3 Qg5 34. Kf2 Rb8 35. exf4 Qxf4 36. Qxa5+ Rb6 37. Ne3 Qxe3+ 0-1

[Event "AUT-chT2O 0405"]
[Site "Austria"]
[Date "2004.10.10"]
[Round "2.5"]
[White "Allacher, Erwin"]
[Black "Batyte, Daiva"]
[Result "0-1"]
[WhiteElo "2147"]
[BlackElo "2130"]
[PlyCount "88"]
[EventDate "2004.10.09"]
[EventType "team-tourn"]
[EventRounds "11"]
[EventCountry "AUT"]
[SourceTitle "EXT 2005"]
[Source "ChessBase"]
[SourceDate "2004.11.15"]
[SourceVersion "1"]
[SourceVersionDate "2004.11.15"]
[SourceQuality "1"]
[WhiteTeam "Gols Raiba"]
[BlackTeam "Stockerau"]
[WhiteTeamCountry "AUT"]
[BlackTeamCountry "AUT"]

1. d4 Nf6 2. c4 e6 3. Nf3 Bb4+ 4. Nbd2 b6 5. e3 Bb7 6. a3 Be7 7. Bd3 d5 8. 0-0 0-0 9. Qc2 Nbd7 10. b3 c5 11. Bb2 h6 12. Rfe1 Rc8 13. Rac1 Bd6 14. Qb1 Bb8 15. h3 cxd4 16. exd4 Bf4 17. Rc2 dxc4 18. bxc4 Ba6 19. Qd1 Rc7 20. g3 Bd6 21. Qe2 Bb7 22. Ne4 Nxe4 23. Bxe4 Bxe4 24. Qxe4 Nf6 25. Qd3 Rd7 26. Qb3 Nh7 27. h4 Qc7 28. Ne5 Bxe5 29. Rxe5 Rc8 30. Re1 Nf6 31. Qf3 Qd6 32. Kg2 Ne8 33. Rec1 Rdc7 34. g4 Qe7 35. Kg3 Nd6 36. Qe2 Ne8 37. Qe3 Qd7 38. g5 Nd6 39. Qf4 hxg5 40. hxg5 Rxc4 41. Rxc4 Rxc4 42. Qe5 Rxc1 43. Bxc1 Nf5+ 44. Kg2 Qc6+ 0-1

[Event "AUT-chT2O 0304"]
[Site "Austria"]
[Date "2003.11.23"]
[Round "4.5"]
[White "Allacher, Erwin"]
[Black "Rogetzer, Klaus"]
[Result "1-0"]
[WhiteElo "2174"]
[BlackElo "2119"]
[PlyCount "103"]
[EventDate "2003.10.25"]
[EventType "team-tourn"]
[EventRounds "11"]
[EventCountry "AUT"]
[SourceTitle "EXT 2005"]
[Source "ChessBase"]
[SourceDate "2004.11.15"]
[SourceVersion "1"]
[SourceVersionDate "2004.11.15"]
[SourceQuality "1"]
[WhiteTeam "Gols Raiba"]
[BlackTeam "Wien Austria"]
[WhiteTeamCountry "AUT"]
[BlackTeamCountry "AUT"]

1. d4 f5 2. c4 Nf6 3. Nf3 g6 4. g3 Bg7 5. Bg2 0-0 6. 0-0 d6 7. Nc3 Qe8 8. d5 a5 9. Nd4 Na6 10. b3 Nc5 11. e3 Bd7 12. Bb2 c6 13. a3 e5 14. dxe6 Nxe6 15. Nxe6 Qxe6 16. Na4 Rad8 17. Nb6 Be8 18. Qe1 Bh6 19. Qxa5 Bf7 20. Qc3 Bg7 21. Rac1 Nh5 22. Qd2 Be5 23. Rfd1 Nf6 24. Bd4 Ne4 25. Qc2 g5 26. Bxe5 dxe5 27. Rxd8 Rxd8 28. Rd1 Qe7 29. b4 Bh5 30. f3 Rxd1+ 31. Qxd1 Nf6 32. Nc8 Qe6 33. Qd8+ Kg7 34. Qe7+ Bf7 35. Qxe6 Bxe6 36. Nd6 b6 37. f4 gxf4 38. gxf4 Ng4 39. e4 fxe4 40. Bxe4 exf4 41. Bxc6 Kf6 42. c5 bxc5 43. Ne4+ Ke5 44. Nxc5 Bc4 45. h3 Ne3 46. Be4 Bb5 47. Bxh7 Nd1 48. Nd3+ Kd4 49. Nxf4 Kc3 50. Bd3 Bd7 51. h4 Kb3 52. h5 1-0